| 000 | 00601nam a2200229Ia 4500 | ||
|---|---|---|---|
| 003 | OSt | ||
| 005 | 20220924153613.0 | ||
| 006 | a|||||r|||| 00| 0 | ||
| 007 | ta | ||
| 008 | 220923b |||||||| |||| 00| 0 sat d | ||
| 024 | _a350943 | ||
| 037 | _cTextual | ||
| 040 |
_aARTS _cARTS _bsat |
||
| 041 |
_2sat _asat |
||
| 082 | _aO15,1A2:g, 31P1 | ||
| 100 |
_aParvathi P Au. _9229357 |
||
| 245 | 0 | _aParatak kataiyum pandava puranamum | |
| 260 | _c2001 | ||
| 650 |
_aSANSKRIT POETRY _9155567 |
||
| 942 |
_hO15,1A2:g, 31P1 _cTEXL _2CC |
||
| 999 |
_c474223 _d474223 |
||